| 000 | 01216nam0a2200301 4500 | ||
|---|---|---|---|
| 001 | RU\NLR\b_ik\164273 | ||
| 005 | 20260407171809.0 | ||
| 010 |
_a978-5-901675-67-0 _9200 |
||
| 035 | _a(NLR Aleph) 002237094 | ||
| 090 |
_a3506861 _c3506861 |
||
| 100 | _a20071204d2007 |||y0rusy50 ca | ||
| 101 | 0 | _aeng | |
| 102 | _aRU | ||
| 105 | _aa ||||||||| | ||
| 200 | 1 |
_a30th International gemmological conference, July 15th-19th, Moscow, Russia, 2007 _ethe collection of expanded abstracts and some articles _f[prep. by V.S. Balitsky a. T.S. Setkova] |
|
| 210 |
_aMoscow _c[s.n.] _d2007 |
||
| 215 |
_a162, [1] с. _cил., цв. ил. _d29 |
||
| 320 | _aБиблиогр. в конце ст. | ||
| 320 | _aУказ.: с. 155-158 | ||
| 541 | 0 |
_a30-ая международная геммологическая конференция. _zrus |
|
| 606 | 1 |
_aГеммология _jСъезды, совещания и т.п. _91428008 _3RU\NLR\AUTH\66292061 |
|
| 686 | 1 | _aД452.8я431(0) | |
| 702 | 1 |
_aBalickij _bV. S. _4340 |
|
| 710 | 1 | 2 |
_4070 _8eng _aInternational gemmological conference _d30 _f2007 _eMoscow _7ba _3RU\NLR\AUTH\8810108242 _9716665 |
| 801 | 0 |
_aRU _bNLR _c20071204 _gRCR |
|
| 942 | _cBOOK | ||
| 980 | _aNB | ||